=LDR 00000nam 2200000 4500 =001 INLIS000000000034141 =005 20130612140045 =008 ***********************************Ind** =035 ##$$0010-061300000034141 =041 ##$$a Ind =082 ##$$a 813 =090 ##$$a 813, Kin r =100 ##$$a Sophie Kinsella =245 ##$$a Remember Me, Ingat Aku, Sophie Kinsella;Alih Bahasa,Yasmine Hadibroto =260 ##$$a 2009 $b Jakarta =300 ##$$a 423 hlm., 20 cm =650 ##$$a Kesusasteraan =850 ##$$a NBPNMAT =990 ##$$a 21194734/BPAP-NTB/2014 =990 ##$$a 21400613/BPAP-NTB/20142014 =990 ##$$a 21400613/BPAP-NTB/20142014 =990 ##$$a 0001/BPAP-NTB/20142014 =990 ##$$a 0001/BPAP-NTB/20142014 =990 ##$$a 0001/BPAP-NTB/20142015